000
00478nam a2200181Ia 4500
008
100917s9999 xx 000 0 und d
082
_b
37676
100
_a
देवळे अंबादास
245
_a
अभोगी
260
_b
वसुधा प्रकाशन
_c
1978
300
_a
106
365
_b
10
520
_a
कादंबरी
630
_a
अभोगी
650
_a
कादंबरी
730
_a
अभोगी
942
_c
BOOK
999
_c
643070
_d
643067